[Event "Verden op-A"]
[Site "Verden"]
[Date "2023.01.08"]
[Round "7"]
[White "Ploog, Martin"]
[Black "Schermeier, Klaus Peter"]
[Result "1/2-1/2"]
[WhiteElo "2042"]
[BlackElo "1900"]
[PlyCount "50"]
[EventDate "2023.01.05"]
[EventType "swiss"]
[EventRounds "7"]
[EventCountry "GER"]
[SourceTitle "CBM 212 Extra"]
[Source "ChessBase"]
[SourceDate "2023.03.31"]
[SourceVersion "1"]
[SourceVersionDate "2023.03.31"]
[SourceQuality "1"]

1. e4 d6 2. d4 Nf6 3. Nc3 Nbd7 4. g4 h6 5. h3 e5 6. Bg2 c6 7. a4 Be7 8. Nge2 Qc7 9. 0-0 Nf8 10. Be3 g5 11. Ng3 Ng6 12. b4 b6 13. a5 Rb8 14. axb6 axb6 15. Nf5 Bxf5 16. exf5 Nf4 17. Bxf4 exf4 18. Qf3 d5 19. b5 0-0 20. bxc6 Qxc6 21. Nxd5 Nxd5 22. Qxd5 Qxc2 23. Be4 Qc8 24. Ra7 Bf6 25. Rfa1 Qc3 1/2-1/2

[Event "Oberliga Nord W 2122"]
[Site "Germany"]
[Date "2022.05.01"]
[Round "9.5"]
[White "Ploog, Martin"]
[Black "Wagner, Jan"]
[Result "0-1"]
[WhiteElo "2049"]
[BlackElo "2179"]
[PlyCount "86"]
[EventDate "2021.10.10"]
[EventType "team-tourn"]
[EventRounds "9"]
[EventCountry "GER"]
[SourceTitle "EXT 2023"]
[Source "ChessBase"]
[SourceDate "2022.10.05"]
[SourceVersion "1"]
[SourceVersionDate "2022.10.05"]
[SourceQuality "1"]
[WhiteTeam "Hannover"]
[BlackTeam "Oldenburg Union"]
[WhiteTeamCountry "GER"]
[BlackTeamCountry "GER"]

1. e4 g6 2. d4 Bg7 3. Nf3 d6 4. Be3 Nf6 5. Nc3 c6 6. Qd2 Qa5 7. h3 Nbd7 8. Bd3 e5 9. 0-0 0-0 10. dxe5 dxe5 11. Nd5 Qxd2 12. Nxf6+ Bxf6 13. Nxd2 Be7 14. Rfd1 Nc5 15. Nc4 f6 16. Na5 Nxd3 17. Rxd3 Bb4 18. Bd2 Bxa5 19. Bxa5 Be6 20. Bb4 Rfd8 21. Rxd8+ Rxd8 22. Be7 Rd4 23. Bxf6 Rxe4 24. b3 Kf7 25. Bg5 Re2 26. c4 Bf5 27. Be3 a6 28. b4 Bd3 29. c5 Ke6 30. Rd1 e4 31. Rd2 Re1+ 32. Kh2 Kd5 33. Rb2 Kc4 34. Bg5 Rb1 35. Rxb1 Bxb1 36. a3 a5 37. Bd2 a4 38. Kg3 Kb3 39. Kf4 Kxa3 40. Ke3 Kb2 41. Kd4 Ka3 42. Ke3 Kb2 43. Kd4 Bd3 0-1

[Event "Oberliga Nord W 2122"]
[Site "Germany"]
[Date "2021.12.12"]
[Round "4.5"]
[White "Pahl, Erik"]
[Black "Ploog, Martin"]
[Result "1/2-1/2"]
[WhiteElo "2138"]
[BlackElo "2049"]
[PlyCount "151"]
[EventDate "2021.10.10"]
[EventType "team-tourn"]
[EventRounds "9"]
[EventCountry "GER"]
[SourceTitle "EXT 2023"]
[Source "ChessBase"]
[SourceDate "2022.10.05"]
[SourceVersion "1"]
[SourceVersionDate "2022.10.05"]
[SourceQuality "1"]
[WhiteTeam "Delmenhorst"]
[BlackTeam "Hannover"]
[WhiteTeamCountry "GER"]
[BlackTeamCountry "GER"]

1. e4 e6 2. d4 d5 3. Bd3 c5 4. exd5 exd5 5. Nf3 c4 6. Be2 Nf6 7. 0-0 Bd6 8. b3 cxb3 9. axb3 0-0 10. c4 Nc6 11. Nc3 Bb4 12. Nb5 Bg4 13. Ba3 Bxa3 14. Rxa3 Re8 15. h3 Bh5 16. g4 Bg6 17. Nc3 Qd6 18. Ra1 Nb4 19. Ne5 Ne4 20. Nxe4 Bxe4 21. Qd2 Nc2 22. c5 Qe6 23. f3 Nxa1 24. Rxa1 Bg6 25. f4 f6 26. f5 Qe7 27. Nxg6 Qxe2 28. Qxe2 Rxe2 29. Nf4 Rd2 30. Nxd5 Rxd4 31. Nc7 Rc8 32. Ne6 Rb4 33. Rxa7 Rxb3 34. Kg2 g6 35. Ra4 b6 36. c6 gxf5 37. gxf5 Rc3 38. c7 R3xc7 39. Nxc7 Rxc7 40. Ra8+ Kg7 41. Rb8 Rc6 42. Kf3 Kh6 43. Rb7 Rc3+ 44. Kg4 Rc4+ 45. Kg3 Kg5 46. Rxh7 Rc3+ 47. Kf2 Rb3 48. h4+ Kxf5 49. Rf7 Kg6 50. Rf8 Rb5 51. Kf3 Rd5 52. Rg8+ Kf7 53. Rb8 b5 54. Kg3 Kg6 55. Kf4 Rd4+ 56. Ke3 Rb4 57. Rb6 Kf5 58. h5 Rb3+ 59. Ke2 Rb1 60. h6 Kg6 61. h7 Rh1 62. Rxb5 Rxh7 63. Kf3 Ra7 64. Kg3 Ra3+ 65. Kf4 Ra4+ 66. Kf3 f5 67. Rb8 Ra1 68. Rg8+ Kf7 69. Rb8 Rf1+ 70. Ke2 Rf4 71. Ke3 Re4+ 72. Kf3 Ra4 73. Ke3 Kg6 74. Rg8+ Kh5 75. Kf3 f4 76. Rf8 1/2-1/2

[Event "Oberliga Nord W 2122"]
[Site "Germany"]
[Date "2021.11.21"]
[Round "3.5"]
[White "Ploog, Martin"]
[Black "Buchal, Stephan"]
[Result "1/2-1/2"]
[WhiteElo "2049"]
[BlackElo "2270"]
[PlyCount "82"]
[EventDate "2021.10.10"]
[EventType "team-tourn"]
[EventRounds "9"]
[EventCountry "GER"]
[SourceTitle "EXT 2023"]
[Source "ChessBase"]
[SourceDate "2022.10.05"]
[SourceVersion "1"]
[SourceVersionDate "2022.10.05"]
[SourceQuality "1"]
[WhiteTeam "Hannover"]
[BlackTeam "Werder Bremen III"]
[WhiteTeamCountry "GER"]
[BlackTeamCountry "GER"]

1. e4 g6 2. d4 Bg7 3. Nc3 d6 4. Be3 a6 5. Qd2 b5 6. 0-0-0 Bb7 7. f3 Nd7 8. h4 h5 9. Nh3 c6 10. Ng5 Qc7 11. Kb1 Ngf6 12. Bd3 c5 13. dxc5 dxc5 14. Nd5 Nxd5 15. exd5 Nb6 16. Bf4 Qd7 17. d6 e5 18. Rhe1 0-0 19. Bxe5 Bxe5 20. Rxe5 Qxd6 21. Ree1 Rad8 22. Qc1 Qg3 23. Be4 Rxd1 24. Rxd1 Bc8 25. Qe3 Qe5 26. Qc1 Nc4 27. f4 Qf6 28. Bd5 Bg4 29. Bxc4 bxc4 30. Re1 Rb8 31. c3 a5 32. Qe3 Qb6 33. Qd2 a4 34. a3 Rd8 35. Qe3 Qb3 36. Qe7 Bf5+ 37. Ne4 Rd1+ 38. Rxd1 Qxd1+ 39. Ka2 Qb3+ 40. Ka1 Qd1+ 41. Ka2 Qb3+ 1/2-1/2

[Event "Oberliga Nord W 2122"]
[Site "Germany"]
[Date "2021.10.24"]
[Round "2.5"]
[White "Lau, Siegfried"]
[Black "Ploog, Martin"]
[Result "0-1"]
[WhiteElo "1986"]
[BlackElo "2049"]
[PlyCount "102"]
[EventDate "2021.10.10"]
[EventType "team-tourn"]
[EventRounds "9"]
[EventCountry "GER"]
[SourceTitle "EXT 2023"]
[Source "ChessBase"]
[SourceDate "2022.10.05"]
[SourceVersion "1"]
[SourceVersionDate "2022.10.05"]
[SourceQuality "1"]
[WhiteTeam "Salzgitter"]
[BlackTeam "Hannover"]
[WhiteTeamCountry "GER"]
[BlackTeamCountry "GER"]

1. d4 e6 2. c4 d5 3. Nc3 Bb4 4. Nf3 Nf6 5. Bd2 dxc4 6. Qa4+ Nc6 7. e3 Bd7 8. Qc2 Bxc3 9. Bxc3 b5 10. g3 0-0 11. Bg2 Nd5 12. 0-0 Rb8 13. Rfd1 Qe7 14. Be1 h6 15. e4 Ndb4 16. Qc3 Nd3 17. d5 exd5 18. exd5 Nce5 19. Nxe5 Nxe5 20. Qa5 Bg4 21. Bb4 Qf6 22. Bxf8 Bxd1 23. Rxd1 Rxf8 24. Qxc7 Nd3 25. Qxa7 Qxb2 26. Bf1 Qc2 27. Ra1 Qc3 28. Rb1 b4 29. Qe3 Rd8 30. Bxd3 Qxd3 31. Rxb4 Qd1+ 32. Kg2 Qxd5+ 33. Qf3 Qc5 34. Rb7 Rf8 35. Qc3 Rc8 36. Rb2 Qc6+ 37. f3 Qc5 38. Rc2 Rd8 39. h4 Rd4 40. a4 Qd5 41. Kh2 f5 42. a5 f4 43. a6 fxg3+ 44. Kxg3 Qd6+ 45. Kh3 Qe6+ 46. Kg3 Qg6+ 47. Kh3 Qe6+ 48. Kg3 Qxa6 49. Rb2 Qd6+ 50. Kg2 Rxh4 51. f4 Qg6+ 0-1

[Event "Oberliga Nord W 1920"]
[Site "Germany"]
[Date "2020.03.01"]
[Round "7.7"]
[White "Ploog, Martin"]
[Black "Zschischang, Marine"]
[Result "1-0"]
[WhiteElo "2068"]
[BlackElo "2082"]
[PlyCount "77"]
[EventDate "2019.09.29"]
[EventType "team-tourn"]
[EventRounds "9"]
[EventCountry "GER"]
[SourceTitle "CBM 195 Extra"]
[Source "ChessBase"]
[SourceDate "2020.05.31"]
[SourceVersion "1"]
[SourceVersionDate "2020.05.31"]
[SourceQuality "1"]

1. d4 e6 2. Nf3 Nf6 3. g3 b6 4. Bg2 Bb7 5. 0-0 Be7 6. b3 d6 7. Bb2 Nbd7 8. c4 0-0 9. Nc3 Ne4 10. Qc2 Nxc3 11. Bxc3 f5 12. d5 e5 13. Bh3 g6 14. b4 b5 15. e4 bxc4 16. Nd2 f4 17. f3 h6 18. a4 Bg5 19. Nxc4 Nf6 20. Na5 Rb8 21. Kg2 Kh7 22. Be6 fxg3 23. hxg3 Nh5 24. Be1 Be3 25. Bf2 Bb6 26. Bxb6 axb6 27. Nxb7 Rxb7 28. Qc6 Ra7 29. Qd7+ Qxd7 30. Bxd7 c5 31. dxc6 Nf6 32. Be6 Re8 33. Bh3 Kg7 34. Rfd1 Rd8 35. b5 Ne8 36. a5 Rda8 37. axb6 Rxa1 38. Rxa1 Rxa1 39. b7 1-0

[Event "Niedersachsen-ch op-A"]
[Site "Verden an der Aller"]
[Date "2020.01.04"]
[Round "6"]
[White "Langer, Michael Sebastian"]
[Black "Ploog, Martin"]
[Result "0-1"]
[WhiteElo "1922"]
[BlackElo "2055"]
[PlyCount "114"]
[EventDate "2020.01.02"]
[EventType "swiss"]
[EventRounds "7"]
[EventCountry "GER"]
[SourceTitle "EXT 2023"]
[Source "ChessBase"]
[SourceDate "2022.10.05"]
[SourceVersion "1"]
[SourceVersionDate "2022.10.05"]
[SourceQuality "1"]

1. c4 g6 2. Nf3 Bg7 3. d4 Nf6 4. g3 c5 5. Bg2 cxd4 6. Nxd4 0-0 7. Nc3 Nc6 8. e3 Nxd4 9. exd4 e6 10. Bf4 d5 11. c5 Ne8 12. 0-0 a5 13. Na4 Bd7 14. Nb6 Ra6 15. Re1 Bc6 16. Qd2 Nc7 17. a4 Na8 18. Bf1 Ra7 19. Nxa8 Rxa8 20. Bd6 Re8 21. b3 Qd7 22. Rac1 Rec8 23. f4 Bf6 24. Bh3 h5 25. Re2 b5 26. Rce1 Re8 27. axb5 Bxb5 28. Re3 a4 29. b4 a3 30. Ra1 a2 31. Be5 Bxe5 32. Rxe5 Bc4 33. Bf1 Qb5 34. Bxc4 Qxc4 35. b5 Qxb5 36. f5 Qb1+ 37. Re1 Qxf5 38. Rxa2 Rxa2 39. Qxa2 Qd3 40. Qa4 Rb8 41. Rf1 Qe3+ 42. Rf2 h4 43. gxh4 f5 44. Qa1 Qe4 45. Rf1 Rb4 46. c6 Qg4+ 47. Kh1 Qe4+ 48. Kg1 Rc4 49. Qa8+ Kg7 50. Qb7+ Kh6 51. Qe7 Qxd4+ 52. Kh1 Qe4+ 53. Kg1 Qd4+ 54. Kh1 Rxc6 55. Qg5+ Kh7 56. h5 Qe4+ 57. Kg1 Qg4+ 0-1

[Event "Niedersachsen-ch op-A"]
[Site "Verden an der Aller"]
[Date "2020.01.02"]
[Round "1"]
[White "Ploog, Martin"]
[Black "Luetzen, Patrick"]
[Result "1-0"]
[WhiteElo "2055"]
[BlackElo "1849"]
[PlyCount "85"]
[EventDate "2020.01.02"]
[EventType "swiss"]
[EventRounds "7"]
[EventCountry "GER"]
[SourceTitle "EXT 2023"]
[Source "ChessBase"]
[SourceDate "2022.10.05"]
[SourceVersion "1"]
[SourceVersionDate "2022.10.05"]
[SourceQuality "1"]

1. d4 Nf6 2. Nf3 g6 3. c4 Bg7 4. e3 0-0 5. Be2 c5 6. d5 Ne4 7. Qc2 Qa5+ 8. Nbd2 Nd6 9. 0-0 Na6 10. a3 b5 11. cxb5 Nxb5 12. Nc4 Qc7 13. Bd2 Qb8 14. Rfd1 Nd6 15. Bc3 Nxc4 16. Bxc4 d6 17. Bxg7 Kxg7 18. Rab1 Qb6 19. Qc3+ Kg8 20. e4 Rb8 21. Re1 Nc7 22. Qd2 Ba6 23. Bxa6 Qxa6 24. h4 e5 25. h5 Kg7 26. Qc3 Nb5 27. Qc4 Nc7 28. Qxa6 Nxa6 29. Nd2 f5 30. Nc4 Rf6 31. hxg6 hxg6 32. f3 f4 33. Kf2 g5 34. Rh1 Rh8 35. Rxh8 Kxh8 36. Rc1 Kg7 37. Rc3 Nc7 38. Rb3 Ne8 39. Rb8 Rf8 40. Ra8 a5 41. Rxa5 Kf6 42. Ra7 Rf7 43. Ra8 1-0

[Event "Niedersachsen-ch"]
[Site "Verden"]
[Date "2019.01.04"]
[Round "3"]
[White "Hoellmann, Ludger"]
[Black "Ploog, Martin"]
[Result "1-0"]
[WhiteElo "2130"]
[BlackElo "2101"]
[PlyCount "77"]
[EventDate "2019.01.03"]
[EventType "swiss"]
[EventRounds "7"]
[EventCountry "GER"]
[SourceTitle "EXT 2022"]
[Source "ChessBase"]
[SourceDate "2021.10.06"]
[SourceVersion "1"]
[SourceVersionDate "2021.10.06"]
[SourceQuality "1"]

1. Nf3 d5 2. d4 Nf6 3. c4 e6 4. g3 Be7 5. Bg2 0-0 6. 0-0 dxc4 7. Ne5 Nc6 8. Bxc6 bxc6 9. Nxc6 Qd6 10. Qa4 Bb7 11. Nxe7+ Qxe7 12. Nc3 Qd7 13. Qxc4 e5 14. dxe5 Ng4 15. Bf4 Rfe8 16. Rad1 Qc6 17. Qxc6 Bxc6 18. Nd5 Rac8 19. Rd4 Nxe5 20. Rc1 f6 21. Bxe5 fxe5 22. Rd2 Bxd5 23. Rxd5 Re7 24. Kg2 Rb8 25. b3 Kf7 26. Rcc5 e4 27. Rf5+ Kg6 28. Rfe5 Rbe8 29. Rc6+ Kf7 30. Rf5+ Kg8 31. Rfc5 Rd7 32. Rxc7 Rd2 33. Rc2 Red8 34. b4 a5 35. bxa5 R2d5 36. a6 Rd4 37. R2c4 Kf8 38. Rxd4 Rxd4 39. a7 1-0

[Event "Oberliga Nord W 1819"]
[Site "Germany"]
[Date "2018.11.25"]
[Round "3.6"]
[White "Kiselev, Alexander"]
[Black "Ploog, Martin"]
[Result "1/2-1/2"]
[WhiteElo "2127"]
[BlackElo "2107"]
[PlyCount "70"]
[EventDate "2018.10.21"]
[EventType "team-tourn"]
[EventRounds "9"]
[EventCountry "GER"]
[SourceTitle "EXT 2020"]
[Source "ChessBase"]
[SourceDate "2019.10.17"]
[SourceVersion "1"]
[SourceVersionDate "2019.10.17"]
[SourceQuality "1"]
[WhiteTeam "Hannover"]
[BlackTeam "Hannover SF"]
[WhiteTeamCountry "GER"]
[BlackTeamCountry "GER"]

1. e4 e6 2. d4 d5 3. e5 c5 4. c3 Nc6 5. Nf3 Bd7 6. Be2 Nge7 7. dxc5 Ng6 8. Be3 Ncxe5 9. Nxe5 Nxe5 10. 0-0 Be7 11. Na3 0-0 12. f4 Ng6 13. Qd2 b6 14. cxb6 axb6 15. Nb5 Bxb5 16. Bxb5 Bc5 17. a4 Qc7 18. Kh1 Ne7 19. Bd4 Bxd4 20. cxd4 Rfc8 21. Rac1 Qd6 22. g3 g6 23. Kg2 Nf5 24. g4 Rxc1 25. Rxc1 Ne7 26. Kf3 Rc8 27. Rxc8+ Nxc8 28. Qc3 Ne7 29. b4 g5 30. Qd2 gxf4 31. Qxf4 Qxb4 32. Qb8+ Kg7 33. Qe5+ Kg8 34. Qb8+ Kg7 35. Qe5+ Kg8 1/2-1/2

[Event "Oberliga Nord W 1718"]
[Site "Germany"]
[Date "2018.01.21"]
[Round "5.8"]
[White "Bade, Hans Juergen"]
[Black "Ploog, Martin"]
[Result "1-0"]
[WhiteElo "1998"]
[BlackElo "2101"]
[PlyCount "63"]
[EventDate "2017.10.08"]
[EventType "team-tourn"]
[EventRounds "9"]
[EventCountry "GER"]
[SourceTitle "EXT 2019"]
[Source "ChessBase"]
[SourceDate "2018.10.10"]
[SourceVersion "1"]
[SourceVersionDate "2018.10.10"]
[SourceQuality "1"]
[WhiteTeam "Hellern"]
[BlackTeam "Hannover"]
[WhiteTeamCountry "GER"]
[BlackTeamCountry "GER"]

1. e4 c5 2. Nc3 Nc6 3. f4 g6 4. Nf3 Bg7 5. Bb5 Nd4 6. 0-0 a6 7. Bd3 e6 8. Nxd4 cxd4 9. Ne2 Ne7 10. f5 Nc6 11. Qe1 0-0 12. Qf2 gxf5 13. exf5 Bf6 14. fxe6 fxe6 15. Qg3+ Kh8 16. Qh3 Qe7 17. Nf4 Ne5 18. b3 Qg7 19. Ba3 Rf7 20. Nh5 Qh6 21. Rxf6 Rxf6 22. Nxf6 Qxh3 23. gxh3 Kg7 24. Ne8+ Kh6 25. Bf8+ Kg5 26. Be7+ Kh6 27. Nd6 b5 28. Be4 Nc6 29. Bf8+ Kg5 30. Rf1 Rb8 31. Nf7+ Kh5 32. Rf6 1-0

[Event "Niedersachsen-ch op A"]
[Site "Verden"]
[Date "2018.01.07"]
[Round "7"]
[White "Raetzke von Stoyentin, Steffen"]
[Black "Ploog, Martin"]
[Result "1/2-1/2"]
[WhiteElo "2073"]
[BlackElo "2011"]
[PlyCount "140"]
[EventDate "2018.01.04"]
[EventType "swiss"]
[EventRounds "7"]
[EventCountry "GER"]
[SourceTitle "EXT 2022"]
[Source "ChessBase"]
[SourceDate "2021.10.06"]
[SourceVersion "1"]
[SourceVersionDate "2021.10.06"]
[SourceQuality "1"]

1. d4 d5 2. c4 e6 3. Nc3 Bb4 4. e3 Nf6 5. Bd3 0-0 6. Nf3 dxc4 7. Bxc4 a6 8. 0-0 Nc6 9. a3 Bd6 10. b4 e5 11. d5 Ne7 12. Bb2 Ng6 13. h3 e4 14. Nd4 Qe7 15. Nce2 Nh5 16. f4 exf3 17. Nxf3 Qxe3+ 18. Rf2 Ng3 19. Bd4 Nxe2+ 20. Bxe2 Qf4 21. Ne5 Qg5 22. Nxg6 hxg6 23. Qd3 Bf5 24. Qc3 Qg3 25. Qxg3 Bxg3 26. Rf3 Bd6 27. Bc4 Rae8 28. g4 Bd7 29. Bc5 Re4 30. Bxd6 cxd6 31. Bb3 Rc8 32. Kf2 f6 33. Re1 Rxe1 34. Kxe1 g5 35. Kd2 Kf7 36. Rc3 Rxc3 37. Kxc3 f5 38. Bd1 Kf6 39. Kd4 g6 40. a4 Kf7 41. Kd3 Ke7 42. Ke3 Be8 43. Bb3 Kf6 44. Kd4 f4 45. Ke4 f3 46. Kxf3 Ke5 47. Ke3 Bf7 48. Bc2 Bxd5 49. Bxg6 Bg2 50. Bd3 d5 51. a5 d4+ 52. Kf2 Be4 53. Bc4 Bd5 54. Bd3 Kf4 55. b5 axb5 56. Bxb5 Bf3 57. Ba4 Be4 58. Bb5 Ke5 59. Kg3 d3 60. a6 bxa6 61. Bxa6 d2 62. Be2 Bc2 63. h4 gxh4+ 64. Kxh4 Kf4 65. g5 Ke3 66. Bg4 Kf2 67. Kh5 Ke1 68. g6 Bf5 69. Bf3 Bd3 70. g7 Be2 1/2-1/2

[Event "Niedersachsen-ch op A"]
[Site "Verden"]
[Date "2018.01.05"]
[Round "4"]
[White "Ploog, Martin"]
[Black "Langer, Michael Sebastian"]
[Result "1-0"]
[WhiteElo "2011"]
[BlackElo "1849"]
[PlyCount "55"]
[EventDate "2018.01.04"]
[EventType "swiss"]
[EventRounds "7"]
[EventCountry "GER"]
[SourceTitle "EXT 2022"]
[Source "ChessBase"]
[SourceDate "2021.10.06"]
[SourceVersion "1"]
[SourceVersionDate "2021.10.06"]
[SourceQuality "1"]

1. d4 d5 2. Bf4 Nf6 3. e3 c6 4. c4 a6 5. Nc3 g6 6. Nf3 Bg7 7. Bd3 Nh5 8. Bg5 f5 9. cxd5 cxd5 10. Qb3 h6 11. Bh4 g5 12. Bg3 Nxg3 13. hxg3 e6 14. Rc1 Nc6 15. Na4 Bf8 16. Qb6 Be7 17. Qxd8+ Bxd8 18. Nc5 Nb4 19. a3 Nxd3+ 20. Nxd3 Bd7 21. Nfe5 Bb6 22. Kd2 h5 23. Nc5 Bxc5 24. Rxc5 Rc8 25. Rxc8+ Bxc8 26. Rc1 Bd7 27. Rc7 Rh7 28. Rxb7 1-0

[Event "Oberliga Nord W 1718"]
[Site "Germany"]
[Date "2017.11.12"]
[Round "3.8"]
[White "Grebener, Soeren"]
[Black "Ploog, Martin"]
[Result "0-1"]
[WhiteElo "2021"]
[BlackElo "2101"]
[PlyCount "202"]
[EventDate "2017.10.08"]
[EventType "team-tourn"]
[EventRounds "9"]
[EventCountry "GER"]
[SourceTitle "EXT 2019"]
[Source "ChessBase"]
[SourceDate "2018.10.10"]
[SourceVersion "1"]
[SourceVersionDate "2018.10.10"]
[SourceQuality "1"]
[WhiteTeam "Delmenhorst"]
[BlackTeam "Hannover"]
[WhiteTeamCountry "GER"]
[BlackTeamCountry "GER"]

1. e4 c5 2. Nf3 Nc6 3. d4 cxd4 4. Nxd4 e5 5. Nb5 d6 6. c4 Be7 7. Bd3 Nf6 8. 0-0 0-0 9. a3 Be6 10. Kh1 Rc8 11. Be3 a6 12. N5c3 Ng4 13. Nd5 Nxe3 14. Nxe3 Bg5 15. Nd5 Na5 16. b3 Bxd5 17. exd5 Qb6 18. Bc2 Qc7 19. Ra2 g6 20. Nc3 f5 21. a4 b6 22. f3 Bf6 23. Qd3 Qg7 24. Nd1 Nb7 25. Qe2 a5 26. Nf2 Qh6 27. g4 Bg5 28. gxf5 gxf5 29. Rg1 Kh8 30. Rg3 Bf4 31. Rh3 Qg5 32. Ra1 Rg8 33. Nd3 Be3 34. Qf1 Qf6 35. Qe2 e4 36. Re1 exd3 37. Qxd3 Bf4 38. Qxf5 Qxf5 39. Bxf5 Rc7 40. Re4 Bg5 41. f4 Bf6 42. Re6 Bd4 43. Rg3 Rxg3 44. hxg3 Kg7 45. Bc2 Rd7 46. Kg2 Nc5 47. Re8 h6 48. Rb8 Na6 49. Re8 Kf7 50. Re6 Bf6 51. Kf3 Nc5 52. Re2 Re7 53. Rh2 Bg7 54. g4 Bd4 55. g5 Re3+ 56. Kg4 hxg5 57. fxg5 Re1 58. Rh7+ Bg7 59. Rh3 Rg1+ 60. Kh5 Nd7 61. Bf5 Ne5 62. Be6+ Ke7 63. Bf5 Rf1 64. Bh7 Rf3 65. Rxf3 Nxf3 66. Bc2 Nd4 67. Bd1 Kf7 68. Kg4 Be5 69. Kh5 Kg7 70. Kh4 Bf4 71. Kh5 Bc1 72. Kh4 Kg6 73. Bh5+ Kf5 74. Bg4+ Kg6 75. Bh5+ Kg7 76. Bd1 Nf5+ 77. Kh5 Ng3+ 78. Kg4 Ne4 79. Kf5 Nxg5 80. Bh5 Bd2 81. Be8 Kf8 82. Bh5 Ke7 83. Bg4 Bc1 84. Bd1 Nh3 85. Bc2 Nf4 86. Bd1 Kf7 87. Ke4 Kf6 88. Bc2 Nh3 89. Kf3 Ke5 90. Ke2 Kd4 91. Kd1 Be3 92. Bf5 Nf2+ 93. Kc2 Ne4 94. Bg4 Nc5 95. Be2 Na6 96. Kb2 Nb4 97. Bh5 Kd3 98. Bg6+ Kd2 99. Bf5 Bd4+ 100. Ka3 Kc1 101. Be4 Bb2# 0-1

[Event "Niedersachsen-ch op-B"]
[Site "Verden"]
[Date "2017.01.06"]
[Round "3"]
[White "Bussard, Christian"]
[Black "Ploog, Martin"]
[Result "0-1"]
[WhiteElo "2232"]
[BlackElo "2121"]
[PlyCount "169"]
[EventDate "2017.01.05"]
[EventType "swiss"]
[EventRounds "7"]
[EventCountry "GER"]
[SourceTitle "CBM 187 Extra"]
[Source "ChessBase"]
[SourceDate "2018.11.04"]
[SourceVersion "1"]
[SourceVersionDate "2018.11.04"]
[SourceQuality "1"]

1. Nf3 Nf6 2. g3 g6 3. Bg2 Bg7 4. 0-0 0-0 5. c4 d6 6. d4 Nbd7 7. Nc3 c6 8. e3 e5 9. b3 e4 10. Nd2 d5 11. Ba3 Re8 12. Rc1 Nf8 13. cxd5 cxd5 14. h3 Be6 15. Qe2 Qd7 16. Kh2 a6 17. Na4 Qb5 18. Qd1 Rac8 19. Nb1 Rxc1 20. Qxc1 Rc8 21. Qb2 Qa5 22. Bc5 N8d7 23. Rc1 Qd8 24. Ba3 b5 25. Nc5 Nxc5 26. Bxc5 Nd7 27. Bd6 Bf8 28. Bxf8 Qxf8 29. Bf1 Nb8 30. a3 Qd8 31. Rc5 Rxc5 32. dxc5 Nc6 33. Nd2 f5 34. b4 d4 35. exd4 Nxd4 36. Qc3 Qd5 37. Bg2 Qe5 38. Kh1 Bd5 39. Nf1 g5 40. Ne3 f4 41. Nxd5 Qxd5 42. Qd2 f3 43. Bf1 Qe5 44. Qe3 h6 45. Kh2 Nf5 46. Qb3+ Kg7 47. c6 e3 48. Qc2 e2 49. Bxe2 fxe2 50. c7 e1Q 51. c8Q Ne7 52. Qb7 Qd5 53. Qxd5 Nxd5 54. Qc5 Qe6 55. Qd4+ Kf7 56. Qa7+ Kf6 57. Qh7 Ke5 58. Kg2 Kd4 59. Qa7+ Kc3 60. Qh7 Kb2 61. Qd3 Nc3 62. Qd2+ Kb3 63. Kh2 Qd5 64. Qe3 Qe4 65. Qb6 Qf3 66. Kg1 Ne4 67. Qe6+ Kb2 68. Qb6 Qxf2+ 69. Qxf2+ Nxf2 70. Kxf2 Kxa3 71. Kf3 Kxb4 72. Kg4 a5 73. Kh5 a4 74. Kxh6 a3 75. Kxg5 a2 76. g4 a1Q 77. h4 Qg7+ 78. Kf5 Qh7+ 79. Kg5 Kc5 80. h5 Kd5 81. h6 Ke5 82. Kh5 Kf4 83. g5 Kf5 84. Kh4 Qg6 85. Kh3 0-1

[Event "Hannover-chA"]
[Site "Lehrte"]
[Date "2016.10.03"]
[Round "6"]
[White "Ploog, Martin"]
[Black "Herrmann, Andreas"]
[Result "0-1"]
[WhiteElo "2121"]
[BlackElo "2138"]
[PlyCount "142"]
[EventDate "2016.10.01"]
[EventType "swiss"]
[EventRounds "7"]
[EventCountry "GER"]
[SourceTitle "EXT 2020"]
[Source "ChessBase"]
[SourceDate "2019.10.17"]
[SourceVersion "1"]
[SourceVersionDate "2019.10.17"]
[SourceQuality "1"]

1. e4 c5 2. Nf3 d6 3. d4 cxd4 4. Nxd4 Nf6 5. Nc3 a6 6. Bg5 e6 7. f4 Nbd7 8. Qe2 Qa5 9. 0-0-0 Be7 10. g4 0-0 11. h4 Re8 12. Bg2 Nf8 13. Bxf6 Bxf6 14. g5 Be7 15. Kb1 Bd7 16. Qf3 Rac8 17. Nb3 Qc7 18. f5 exf5 19. exf5 Bc6 20. Qf2 Bxg2 21. Qxg2 Qc6 22. Nd5 Bd8 23. f6 Re5 24. fxg7 Ne6 25. Rhf1 Kxg7 26. Qf3 Kh8 27. Qxf7 Qxc2+ 28. Ka1 Qg6 29. Qxb7 Rc4 30. Qxa6 Rxh4 31. Qxd6 Rxg5 32. Nf4 Rxf4 33. Rxf4 Bc7 34. Rf8+ Nxf8 35. Qxc7 h5 36. Nd4 Qf6 37. Nb5 Rg2 38. Qc3 Qxc3 39. bxc3 h4 40. Rh1 Ng6 41. Nd4 Rf2 42. Rh3 Kg7 43. Kb1 Kh6 44. Nf3 Kh5 45. Nxh4 Nxh4 46. c4 Kg4 47. Rc3 Nf3 48. c5 Nd2+ 49. Kc1 Ne4 50. Rc4 Kf5 51. c6 Nd6 52. Rd4 Ke5 53. Rd2 Rf7 54. Rc2 Rc7 55. Kd2 Kd5 56. Ke3 Nc4+ 57. Kf4 Rxc6 58. Re2 Ra6 59. Kf5 Kd4 60. Re6 Rxa2 61. Re7 Ne3+ 62. Kg6 Rg2+ 63. Kf7 Nf5 64. Re1 Nd6+ 65. Ke6 Rg6+ 66. Kd7 Ne4 67. Rd1+ Ke5 68. Kc7 Nc3 69. Rd2 Nd5+ 70. Kd7 Rd6+ 71. Kc8 Ne7+ 0-1

[Event "Hannover-chA"]
[Site "Lehrte"]
[Date "2016.10.01"]
[Round "1"]
[White "Serreck, Uwe"]
[Black "Ploog, Martin"]
[Result "1/2-1/2"]
[WhiteElo "1942"]
[BlackElo "2121"]
[PlyCount "102"]
[EventDate "2016.10.01"]
[EventType "swiss"]
[EventRounds "7"]
[EventCountry "GER"]
[SourceTitle "EXT 2020"]
[Source "ChessBase"]
[SourceDate "2019.10.17"]
[SourceVersion "1"]
[SourceVersionDate "2019.10.17"]
[SourceQuality "1"]

1. e4 c5 2. b3 Nc6 3. Bb2 d6 4. f4 e5 5. Nf3 exf4 6. Bb5 Bd7 7. 0-0 Nge7 8. Nc3 Ng6 9. Nd5 Nce5 10. Bxd7+ Qxd7 11. d4 Nxf3+ 12. Qxf3 Be7 13. dxc5 0-0 14. Rad1 Qc6 15. Nxe7+ Nxe7 16. cxd6 Ng6 17. c4 Rfe8 18. Rd5 f6 19. Rfd1 Rad8 20. Bc1 Qa6 21. Bxf4 Qxa2 22. d7 Rf8 23. Bc7 Ne5 24. Qh3 Rxd7 25. Rxd7 Nxd7 26. Qxd7 Qxb3 27. Qd5+ Kh8 28. h3 h6 29. Qd3 Qa4 30. Bd6 Re8 31. Qd4 Rxe4 32. Qxe4 Qxd1+ 33. Kf2 Qxd6 34. Qxb7 Qc5+ 35. Kg3 Qe3+ 36. Kh2 Qf4+ 37. Kh1 Qd4 38. Qc8+ Kh7 39. Qf5+ Kg8 40. Qe6+ Kf8 41. Qc8+ Kf7 42. Qb7+ Kg6 43. Qb5 Qb6 44. Qd5 Qb1+ 45. Kh2 Qb8+ 46. Kh1 Qe5 47. Qc6 a5 48. c5 Qa1+ 49. Kh2 Qd4 50. Qe8+ Kg5 51. c6 Qf4+ 1/2-1/2

[Event "Niedersachsen-ch"]
[Site "Verden"]
[Date "2016.01.05"]
[Round "5"]
[White "Ploog, Martin"]
[Black "Becker, Stefan"]
[Result "1-0"]
[WhiteElo "2109"]
[BlackElo "2208"]
[PlyCount "75"]
[EventDate "2016.01.03"]
[EventType "swiss"]
[EventRounds "7"]
[EventCountry "GER"]
[SourceTitle "EXT 2018"]
[Source "ChessBase"]
[SourceDate "2017.10.13"]
[SourceVersion "1"]
[SourceVersionDate "2017.10.13"]
[SourceQuality "1"]

1. c4 e6 2. g3 d5 3. Bg2 c5 4. Nf3 Nc6 5. cxd5 exd5 6. d4 Nf6 7. 0-0 Be7 8. dxc5 Bxc5 9. a3 a6 10. b4 Ba7 11. Bb2 0-0 12. Nbd2 Re8 13. e3 Be6 14. Nb3 Ne4 15. Nbd4 Qd7 16. Nxe6 fxe6 17. Ne5 Nxe5 18. Bxe5 Nf6 19. Rc1 Rac8 20. Qd2 Ng4 21. Bd4 Bb8 22. Bb2 Ne5 23. Bxe5 Bxe5 24. e4 d4 25. f4 Bc7 26. e5 Bb6 27. Be4 Rc3 28. Qg2 Rec8 29. Rcd1 Re3 30. f5 Qe8 31. fxe6 d3 32. Kh1 Rc2 33. e7 Qxe7 34. Qh3 g6 35. Bd5+ Kg7 36. Rf7+ Qxf7 37. Bxf7 Kxf7 38. Qd7+ 1-0